000 00565nam a2200193Ia 4500
005 20250326141229.0
008 250326s9999 xx 000 0 und d
020 _a0-395-64395-3
037 _aTextbook
040 _aFMSL
_beng
_cFMSL
041 _aeng
_2eng
084 _aX61 N5
_qFMSL
100 _aBaye M R
_9742158
245 0 _aMoney banking and ficial market: An economics approach
_cBaye M R; Jansen D W
260 _aGeneva
_bGeneva, Houghton Mifflin Co.
_c1995
300 _axxviii,854
942 _cTB
_hX61 N5
999 _c1289337
_d1289337